| 000 | 00352nam a2200109Ia 4500 | ||
|---|---|---|---|
| 008 | 171204s9999 xx 000 0 und d | ||
| 245 | _aTheatre and National Identity: Re-Imagining Conceptions of Nation | ||
| 245 | _cNadine Holdsworth | ||
| 260 | _c2014 | ||
| 650 | _xINTRODUCTION TO THEATRE ARTS | ||
| 856 | _uhttp://down.ebook777.com/050/0415822998.pdf | ||
| 999 |
_c346159 _d346159 |
||